சூளவம்சம் /

Sulavamsam
Saved in:
Bibliographic Details
Main Author: குணராசா, க.
Format: Book
Language:Sinhalese
Published: யாழ்ப்பாணம்: கமலம் பதிப்பகம் , 2016.
Tags: Add Tag
No Tags, Be the first to tag this record!

MARC

LEADER 00000nam a22000007a 4500
003 LK-CoNLD
005 20251219144520.0
008 211222b |||||||| |||| 00| 0 sin d
015 |2 slnb  |a slnb202302 
017 |b LK-CoDNA 
020 |a 9789551624057 
040 |a LK-CoNLD  |b TAM  |c LK-CoNLD  |d LK-CoNLD 
082 |2 23  |q LK-CoNLD  |a 954.93 
100 |a குணராசா, க.  |9 3500 
245 |6 880-1  |a சூளவம்சம் /  |b    |c  க. குணராசா. 
260 |a யாழ்ப்பாணம்:  |b கமலம் பதிப்பகம் ,  |c 2016. 
300 |a ப. vi, 131 ;  |c ச.மீ. 22.   |b ஒமு-மஉ : ரூ. 500.00 
880 |6 245-1  |a Sulavamsam 
942 |c BOOK 
945 |c 22  |d Logeshwary RAMASAMY 
999 |c 256860  |d 256860